| 000 | nam a22 a 4500 | ||
|---|---|---|---|
| 999 |
_c129798 _d129798 |
||
| 003 | BLK | ||
| 005 | 20210311145635.0 | ||
| 008 | 180409b bul|||||r ||||||| ||bul|| | ||
| 010 | _aKNG00135543000 | ||
| 040 | _aBLK | ||
| 041 |
_aBUL _cBUL |
||
| 080 |
_aСправочно-библиографска и информационна работа - Форми на пропаганда на книгата, библиографски помагала, пътеводители по литературата и др. Вж и 028 _b025.5 _z025.5 |
||
| 080 |
_aЧетене. Ръководство на четенето _b028 _z028 |
||
| 100 | 1 |
_aКалайджиева, Константинка Кирилова _eпърви автор _9377839 |
|
| 139 |
_aКалайджиева, Константинка Кирилова и др. _bК 16 |
||
| 245 | 1 | 0 |
_aРаботата с популярна естествено-научна литература в библиотеките _cК. Калайджиева, А. Пачева. |
| 257 | _aBGR | ||
| 260 |
_aСофия _bНаука и изкуство _c1956 _fСофия : НС на ОФ |
||
| 300 |
_a64 с. _bс ил. _c20 см |
||
| 380 | _a0 | ||
| 500 | _aИзд. на Държ. библ. В. Коларов. Науч. метод. кабинет по библиотекознание. - 1 556 тир. - Библиогр. с. 63. - Съдържа Препоръчителни списъци на естественонауч. лит. | ||
| 650 | 4 |
_aПриродонаучна литература - пропагандиране - библиотеки _9167906 |
|
| 653 | _aработа с читатели | ||
| 653 | _aбиблиотечно дело | ||
| 700 | 1 |
_aПачева, Ангелина _eсъавт. _9321871 |
|
| 852 |
_aЦб 0.205.47419 _bЦб |
||
| 856 | 4 | _qpdf | |
| 856 | 4 | _qpdf | |
| 942 |
_cKNG _n0 _s1 |
||
| 944 |
_aCR _c24.10.2012 _l24.10.2012 - от С1,Р / 24.10.2012 _kНаталия_Медовщикова |
||
| 944 |
_aED _c2021-03-11 _kГГГ |
||
| 999 | _d129798 | ||